|
|
|
|
| LEADER |
00000nab a2200000 ar4500 |
| 001 |
vtls008873944 |
| 003 |
SK-MaSNL |
| 005 |
20260303181950.0 |
| 008 |
061108c2006 xo mr|p|||||||000 b|slo |
| 015 |
|
|
|a SNBRB2006/11
|2 snkbucl
|
| 038 |
|
|
|a SNKBUCL
|
| 040 |
|
|
|a SNKBUCL
|b slo
|c SNKBUCL
|e AACR2
|
| 041 |
0 |
|
|a slo
|
| 044 |
|
|
|a xo
|c SK
|
| 080 |
|
|
|a 82.09:821.162.4-32
|2 1997
|
| 080 |
|
|
|a 821.162.4-32.09
|2 1997
|
| 100 |
1 |
|
|a Ferko, Tibor,
|d 1932-
|4 aut
|9 227436
|
| 245 |
1 |
0 |
|a Ad: Na noži - Tibor Ferko: Lásky hra osudná
|c Tibor Ferko
|
| 500 |
|
|
|a Reakcia na recenziu Tibor Ferko: Lásky hra osudná / R. Matejov. - Knižná revue. - Roč. XVI., č. 19 (2006), s. 5
|
| 600 |
1 |
7 |
|a Ferko, Tibor,
|d 1932-
|t Lásky hra osudná
|2 snkbucl
|9 97863
|
| 773 |
0 |
|
|t Knižná revue
|g Roč. XVI., č. 21 (2006), s. 5
|x 1210-1982
|
| 852 |
|
|
|a SNK
|b KIS3GCP
|
| 958 |
|
|
|a LX
|
| 958 |
|
|
|a SK
|
| 999 |
|
|
|c 2114821
|d 2116751
|